<?xml version="1.0" encoding="UTF-8"?><?xml-stylesheet type="text/xsl" href="static/style.xsl"?><OAI-PMH xmlns="http://www.openarchives.org/OAI/2.0/" xmlns:xsi="http://www.w3.org/2001/XMLSchema-instance" xsi:schemaLocation="http://www.openarchives.org/OAI/2.0/ http://www.openarchives.org/OAI/2.0/OAI-PMH.xsd"><responseDate>2026-04-13T01:29:57Z</responseDate><request verb="GetRecord" identifier="oai:www.recercat.cat:10256/19875" metadataPrefix="marc">https://recercat.cat/oai/request</request><GetRecord><record><header><identifier>oai:recercat.cat:10256/19875</identifier><datestamp>2024-10-29T20:29:11Z</datestamp><setSpec>com_2072_452955</setSpec><setSpec>com_2072_2054</setSpec><setSpec>col_2072_453061</setSpec></header><metadata><record xmlns="http://www.loc.gov/MARC21/slim" xmlns:dcterms="http://purl.org/dc/terms/" xmlns:xsi="http://www.w3.org/2001/XMLSchema-instance" xmlns:doc="http://www.lyncode.com/xoai" xsi:schemaLocation="http://www.loc.gov/MARC21/slim http://www.loc.gov/standards/marcxml/schema/MARC21slim.xsd">
   <leader>00925njm 22002777a 4500</leader>
   <datafield ind2=" " ind1=" " tag="042">
      <subfield code="a">dc</subfield>
   </datafield>
   <datafield ind2=" " ind1=" " tag="720">
      <subfield code="a">Ferrer Real, Inés</subfield>
      <subfield code="e">author</subfield>
   </datafield>
   <datafield ind2=" " ind1=" " tag="720">
      <subfield code="a">Manresa Fernàndez, Ariadna</subfield>
      <subfield code="e">author</subfield>
   </datafield>
   <datafield ind2=" " ind1=" " tag="720">
      <subfield code="a">Méndez González, José Alberto</subfield>
      <subfield code="e">author</subfield>
   </datafield>
   <datafield ind2=" " ind1=" " tag="720">
      <subfield code="a">Delgado Aguilar, Marc</subfield>
      <subfield code="e">author</subfield>
   </datafield>
   <datafield ind2=" " ind1=" " tag="720">
      <subfield code="a">Garcia-Romeu, Maria Luisa</subfield>
      <subfield code="e">author</subfield>
   </datafield>
   <datafield ind2=" " ind1=" " tag="260">
      <subfield code="c">2021-07-22</subfield>
   </datafield>
   <datafield ind2=" " ind1=" " tag="520">
      <subfield code="a">Ultrasonic molding (USM) is a good candidate for studying the plasticization of polymer mixtures or other composite materials due to either the little amount of material needed for processing, low waste or the needed low pressure and residence time of the mold. Thus, the novelty of this research is the capability of USM technology to process PLA/PCL blends and their corresponding neat materials, encompassing all the production stages, from raw material to the final specimen. The major findings of the work revealed that the thermal properties of the blends were not affected by the USM process, although the crystallinity degree experienced variations, decreasing for PLA and increasing for PCL, which was attributed to the crystallization rate of each polymer, the high process speed, the short cooling time and the small particle size. The employed ultrasonic energy increased the molecular weight with low variations through the specimen. However, the degradation results aligned with the expected trend of these material blends. Moreover, this study also showed the effect pellet shape and dimensions have over the process parameters, as well as the effect of the blend composition. It can be concluded that USM is a technology suitable to successfully process PLA/PCL blends with the correct determination of process parameter windows</subfield>
   </datafield>
   <datafield ind2=" " ind1=" " tag="520">
      <subfield code="a">This research was funded by the Spanish Ministry of Economy and Competitiveness,&#xd;
projects FAMMAT (DPI2016-2377156-R) and GREENCOMP (MAT2017-83347-R)</subfield>
   </datafield>
   <datafield tag="653" ind2=" " ind1=" ">
      <subfield code="a">Plàstics biodegradables</subfield>
   </datafield>
   <datafield tag="653" ind2=" " ind1=" ">
      <subfield code="a">Biodegradable plastics</subfield>
   </datafield>
   <datafield tag="653" ind2=" " ind1=" ">
      <subfield code="a">Ultrasons -- Aplicacions industrials</subfield>
   </datafield>
   <datafield tag="653" ind2=" " ind1=" ">
      <subfield code="a">Ultrasonic waves -- Industrial applications</subfield>
   </datafield>
   <datafield ind2="0" ind1="0" tag="245">
      <subfield code="a">Manufacturing PLA/PCL Blends by Ultrasonic Molding Technology</subfield>
   </datafield>
</record></metadata></record></GetRecord></OAI-PMH>